01160nam a2200337 c 450000100060000000300100000600500170001600700030003300800410003602000180007704000350009504100130013008200180014310000290016124500880019025000220027826400490030030000180034933600270036733700330039433800280042749000400045550000940049550000440058952100410063353400210067465000320069565000330072765000280076070000340078859918CO-BoRNBP20251112142148.0ta210827r20152016sp er 000 0 spa d a9788420697994 aCO-BoRNBPbspaerdacCO-BoRNBP1 aspaheng04a540bA74q2221 aAskin, Peterd1940-eaut11a¿Qué es la química? /cPeter Atkins ; traducción de Miguel Paredes Larrucea. aPrimera edición 1aMadrid, España :bAlianza Editorial,c2016 a171 páginas atextobtxt2rdacontent asin mediaciónbn2rdamedia avolumenbnc2rdacarrier0 aEl libro de bolsillo. CienciasvC36 aEl material correspondiente a la dotación PNLB 2022, corresponde a la edición de 2015 aIncluye glosario e índice analítico aRecomendado para un público adulto tWhat is chemical07aReacciones químicas2lemb07aTecnología química2lemb07aQuimicaxHistoria2lemb aParedes Larrucea, Migueletrl